People - Sudden Death #2 - Statistics

General Stats
  • This quiz has been taken 123 times
    121 since last reset
  • The average score is 8 of 15
Answers on the Grid
Answers color-coded by a green-red scale on the quiz's grid according to % correct below.
AD "Rat Man" Janson
Angelica Jones
Ava Paige
Batman bin Suparman
BeatboxJCOP
Cho Chang
Claire Dearing
Dara O'Briain
Ed Sheeran
Huckleberry Finn
iShowSpeed
Jayden Hoax
Jesus
JK Rowling
Lemony Snicket
Mark Twain
Monkey D Luffy
Muammar al-Qaddafi
Nikola Tesla
Olajide Olatjuni
Peter Quill
Raze Darkhölme
Rebecca Hall
Santa Claus
Seong Gi-Hun
Stan Lee
Super Mario
Thor Odinson
Wilbur Wright
Yelena Belova
 
Answer Stats
Answer % Correct
Ed Sheeran
89%
JK Rowling
88%
Stan Lee
80%
Nikola Tesla
79%
Mark Twain
74%
Jesus
68%
Muammar al-Qaddafi
58%
Wilbur Wright
56%
iShowSpeed
43%
Dara O'Briain
31%
Batman bin Suparman
25%
Rebecca Hall
21%
Lemony Snicket
17%
BeatboxJCOP
15%
Olajide Olatjuni
15%
No matching quizzes found
Score Distribution
Percent of People with Each Score
Percentile by Number Answered
Your Score History
You have not taken this quiz since the last reset